[Event "Gipuzkoa ch"]
[Site "Donostia"]
[Date "2013.10.05"]
[Round "1"]
[White "Argandona Riveiro, Inigo"]
[Black "Izquierdo Arruferia, Joseba"]
[Result "1-0"]
[WhiteElo "2408"]
[BlackElo "1878"]

1.c4 e6 2.g3 d5 3.Bg2 Nf6 4.Nf3 Be7 5.O-O O-O 6.d4 b6 7.Qc2 Bb7 8.Bg5 Nbd7
9.Rd1 Ne4 10.Bxe7 Qxe7 11.cxd5 Bxd5 12.Ne1 Nd6 13.e4 Bb7 14.e5 1-0

[Event "Gipuzkoa ch"]
[Site "Donostia"]
[Date "2013.10.05"]
[Round "1"]
[White "Fuente San Sebastian, Ernesto"]
[Black "Guijarro Galan, Jose Luis"]
[Result "1/2-1/2"]
[WhiteElo "1866"]
[BlackElo "2178"]

1.b3 e5 2.c4 Nf6 3.e3 Nc6 4.Bb2 Bc5 5.Nf3 d6 6.Be2 e4 7.Nd4 Ne5 8.d3 d5 9.
O-O dxc4 10.dxe4 Nxe4 11.Qc2 Nd6 12.Nd2 O-O 13.Nxc4 Bxd4 14.Bxd4 Bf5 15.
Qb2 Nexc4 16.bxc4 Qg5 17.Be5 Be4 18.Bg3 h5 19.Qe5 f5 20.Qe6+ Kh7 21.h4 Qg6
22.Qxg6+ Kxg6 23.c5 Nf7 24.Bxc7 Rac8 25.Bd6 Nxd6 26.cxd6 Rfd8 27.Rfd1 Rc6 
28.d7 Rc7 29.Rd6+ Kh7 30.Bxh5 Rdxd7 31.Bg6+ Kg8 32.Rad1 Rxd6 33.Rxd6 Kf8 
34.Re6 Re7 35.Rd6 Rc7 36.Re6 Re7 37.Rd6 Rc7 38.Re6 1/2-1/2

[Event "Gipuzkoa ch"]
[Site "Donostia"]
[Date "2013.10.05"]
[Round "1"]
[White "Alcaide Luque, Aitor"]
[Black "Fernandez Del Pozo, Anibal"]
[Result "0-1"]
[WhiteElo "2164"]
[BlackElo "1853"]

1.d4 d5 2.Nf3 Nf6 3.c4 c6 4.e3 g6 5.Nc3 Bg7 6.Be2 O-O 7.O-O Nbd7 8.Qc2 Re8
9.Rd1 Nf8 10.Ne5 Bf5 11.Qb3 Rb8 12.cxd5 cxd5 13.Bb5 Bd7 14.Bxd7 N8xd7 15.
Bd2 e6 16.Nd3 Nb6 17.Nb5 Nc4 18.Be1 a6 19.Na3 Qc7 20.Nc5 Ng4 21.g3 Nxa3 
22.bxa3 Qe7 23.f3 Nh6 24.g4 f5 25.h3 fxg4 26.fxg4 Qg5 27.Bg3 Nxg4 28.Bf4 
Qh4 29.hxg4 Qxg4+ 30.Kf2 Rf8 31.Qd3 e5 32.dxe5 Rbd8 33.Rg1 Rxf4+ 34.exf4 
Qxf4+ 35.Ke2 Qxe5+ 36.Ne4 Re8 37.Rad1 Qh5+ 38.Kf2 Qh2+ 39.Rg2 Rf8+ 40.Ke3 
d4+ 0-1

[Event "Gipuzkoa ch"]
[Site "Donostia"]
[Date "2013.10.05"]
[Round "1"]
[White "Tung, Siu Hung"]
[Black "Ros Eskisabel, Jose Ramon"]
[Result "0-1"]
[WhiteElo "1850"]
[BlackElo "2124"]

1.b3 d5 2.Bb2 Bg4 3.g3 Nd7 4.Bg2 c6 5.Nf3 Ngf6 6.d3 e6 7.Nbd2 Be7 8.O-O 
O-O 9.a3 a5 10.c4 Qc7 11.Rc1 Rfd8 12.Qc2 h6 13.Rfe1 Bf5 14.Qc3 Nc5 15.cxd5
exd5 16.Nd4 Bh7 17.N2f3 Bf8 18.Nh4 Qd7 19.Rcd1 Ne6 20.Bh3 Qe8 21.Qc1 Ng5 
22.Bg2 Qd7 23.Nhf3 Nxf3+ 24.Nxf3 Qe6 25.h3 Re8 26.g4 Bg6 27.g5 hxg5 28.
Qxg5 Nd7 29.e4 dxe4 30.dxe4 Be7 31.Qf4 Nc5 32.Nd4 Qf6 33.Qc1 Qh4 34.Nf3 
Qh5 35.Qc4 Bf8 36.e5 Bf5 37.Kh2 Be6 38.Qf4 Bxb3 39.Rd2 Bd5 40.Ng5 Bxg2 41.
Kxg2 Ne6 42.Nxe6 Rxe6 43.Rd3 Rae8 44.Rg3 Rg6 45.Re3 Bc5 46.Rf3 Rxg3+ 47.
fxg3 Rf8 48.Qc4 Be7 49.g4 Qg6 50.Rf5 Rd8 51.Qe2 Qe6 52.Bc3 Rd5 53.Qb2 Rb5 
54.Qa1 Bf8 55.Qe1 Bxa3 56.Bxa5 Qd5+ 57.Rf3 Rxa5 58.e6 fxe6 59.Qe3 Bc5 0-1

[Event "Gipuzkoa ch"]
[Site "Donostia"]
[Date "2013.10.05"]
[Round "1"]
[White "Lakunza Oyarbide, Juan Carlos"]
[Black "Zubia Aramburu, Mikel"]
[Result "1-0"]
[WhiteElo "2120"]
[BlackElo "1820"]

1.d4 d5 2.Nf3 Nf6 3.c4 c6 4.Nc3 e6 5.e3 Be7 6.Bd3 dxc4 7.Bxc4 b5 8.Bd3 a6 
9.e4 Bb7 10.Bg5 Nbd7 11.e5 Nd5 12.Bxe7 Qxe7 13.Ne4 O-O 14.Nd6 Rab8 15.Rc1 
Ba8 16.Qd2 Qd8 17.Ng5 h6 18.Bh7+ 1-0

[Event "Gipuzkoa ch"]
[Site "Donostia"]
[Date "2013.10.05"]
[Round "1"]
[White "Puga Senar, Fernando"]
[Black "Sanchez Ruesga, Hector"]
[Result "0-1"]
[WhiteElo "1811"]
[BlackElo "2074"]

1.d4 Nf6 2.c4 e6 3.Nf3 d5 4.Bg5 Be7 5.e3 O-O 6.Bd3 h6 7.Bh4 b6 8.O-O Bb7 
9.Nc3 Nbd7 10.Rc1 c5 11.Qe2 Rc8 12.Rfd1 Ne4 13.Bxe7 Qxe7 14.Nd2 Nd6 15.b3 
Qf6 16.dxc5 Nxc5 17.Bb1 dxc4 18.bxc4 Rfd8 19.Nb5 Nxb5 20.cxb5 Na4 21.Rxc8 
Rxc8 22.Qd3 Rd8 23.Qc2 Nc3 24.Re1 Nxb5 25.Ne4 Qg6 26.Qa4 Nc3 27.Qxa7 Bxe4 
28.Bxe4 Nxe4 29.Qxb6 Rd2 0-1

[Event "Gipuzkoa ch"]
[Site "Donostia"]
[Date "2013.10.05"]
[Round "1"]
[White "Segovia Sanchez, Antonio"]
[Black "Kuende Gorostidi, Jon"]
[Result "1-0"]
[WhiteElo "2059"]
[BlackElo "1799"]

1.d4 f5 2.Bf4 d6 3.e3 Nf6 4.Nd2 Nbd7 5.Ngf3 b6 6.Bb5 h6 7.Ne5 dxe5 8.dxe5 
Kf7 9.exf6 Nxf6 10.Qf3 Rb8 11.O-O-O Bb7 12.Bc6 Qc8 13.Nc4 Ne4 14.Ne5+ Kg8 
15.Bd7 Nf6 16.Bxc8 Bxf3 17.Be6+ Kh7 18.Bxf5+ 1-0

[Event "Gipuzkoa ch"]
[Site "Donostia"]
[Date "2013.10.05"]
[Round "1"]
[White "Cantabrana Garona, Alejandro"]
[Black "Perez Cela, David"]
[Result "1/2-1/2"]
[WhiteElo "1789"]
[BlackElo "2036"]

1.d4 Nf6 2.Nf3 e6 3.e3 b6 4.c4 Bb7 5.Nbd2 c5 6.b3 Be7 7.Bd3 d6 8.Bb2 Nc6 
9.Rc1 O-O 10.O-O Qc7 11.Bb1 e5 12.d5 Nb8 13.e4 Nbd7 14.Ne1 Ne8 15.Nd3 Bg5 
16.g3 f6 17.Rc3 Rf7 18.f4 Bh6 19.Qe2 a6 20.f5 g6 21.g4 b5 22.Ne1 Nb6 23.
Rg3 bxc4 24.fxg6 hxg6 25.Nxc4 Nxc4 26.bxc4 Bf4 27.Rb3 Rh7 28.h3 a5 29.Ng2 
g5 30.Nxf4 gxf4 31.Qg2 Bc8 32.Bc3 Bd7 33.Bd3 a4 34.Rb2 Rb8 35.Rfb1 Rxb2 
36.Rxb2 Qa7 37.Bf1 Rg7 38.Qc2 Bc8 39.Qb1 Rb7 40.Rxb7 Qxb7 41.Qxb7 Bxb7 
1/2-1/2

[Event "Gipuzkoa ch"]
[Site "Donostia"]
[Date "2013.10.05"]
[Round "1"]
[White "Galarza Cenzano, Inigo"]
[Black "Navascues Zabaleta, Jesus"]
[Result "1-0"]
[WhiteElo "2034"]
[BlackElo "1778"]

1.e4 c5 2.Nc3 g6 3.f4 Bg7 4.Nf3 e6 5.e5 f5 6.Nb5 Bf8 7.d4 a6 8.Nd6+ Bxd6 
9.exd6 Qb6 10.dxc5 Qxc5 11.Qd3 Nf6 12.Be3 Qb4+ 13.c3 Qe4 14.Qxe4 Nxe4 15.
Rd1 O-O 16.Bb6 Nc6 17.Bc4 Nd8 18.O-O Nf7 19.Bxe6 dxe6 20.d7 Nd8 21.Ne5 Nf6
22.Bc5 Rf7 23.dxc8=Q Rxc8 24.Nxf7 Nxf7 25.Bd4 Ne4 26.Rfe1 Kf8 27.Re3 Ke7 
28.Rde1 Nfd6 29.g4 Kf7 30.Rh3 Kg8 31.g5 Rd8 32.Bb6 Rd7 33.Rd3 Rf7 34.b3 h5
35.Red1 Nb5 36.Rd8+ Kg7 37.R1d7 Nbxc3 38.Bd4+ 1-0

[Event "Gipuzkoa ch"]
[Site "Donostia"]
[Date "2013.10.05"]
[Round "1"]
[White "Ezkerro Hernandez, Pablo"]
[Black "Garro Beraza, Julen"]
[Result "0-1"]
[WhiteElo "1772"]
[BlackElo "1986"]

1.e4 c5 2.Nf3 d6 3.d4 cxd4 4.Nxd4 Nf6 5.Nc3 a6 6.f3 e6 7.Be3 b5 8.Qd2 Nbd7
9.O-O-O Bb7 10.g4 Nb6 11.h4 Nfd7 12.Qf2 Rc8 13.g5 Rxc3 14.bxc3 Qc7 15.Nb3 
Na4 16.Bd2 d5 17.Qe3 Ba3+ 18.Kb1 O-O 19.h5 Ne5 20.f4 Nc4 21.Bxc4 bxc4 22.
g6 cxb3 23.axb3 Nb6 24.f5 Nc4 25.Qh3 dxe4 26.h6 Nxd2+ 27.Rxd2 fxg6 28.fxg6
hxg6 29.Qxe6+ Qf7 30.Qxf7+ Rxf7 31.b4 Kh7 32.Rdh2 Bd5 33.hxg7+ Kxg7 34.
Rh7+ Kf8 35.Rh8+ Ke7 36.Rc8 Ke6 37.Re1 a5 38.c4 Bb7 39.Rg8 Bxb4 40.Rxg6+ 
Kf5 41.Reg1 Ke5 42.Kb2 Kd4 0-1

[Event "Gipuzkoa ch"]
[Site "Donostia"]
[Date "2013.10.05"]
[Round "1"]
[White "Fernandez Zubitur, Jokin"]
[Black "Burgana Lardizabal, Jose Angel"]
[Result "1-0"]
[WhiteElo "1983"]
[BlackElo "1769"]

1.e4 c5 2.Nc3 Nc6 3.g3 g6 4.Bg2 Bg7 5.d3 d6 6.f4 b6 7.Nf3 Bb7 8.Be3 Qd7 9.
O-O f5 10.exf5 gxf5 11.Ng5 Nf6 12.Bd5 Nd8 13.Bxb7 Qxb7 14.Re1 h6 15.Nf3 
Nd5 16.Bd2 Nxc3 17.Bxc3 Bxc3 18.bxc3 Nc6 19.Nh4 O-O-O 20.Nxf5 h5 21.Qf3 e5
22.Qxc6+ Qxc6 23.Ne7+ Kc7 24.Nxc6 Kxc6 25.fxe5 h4 26.exd6 hxg3 27.hxg3 Rh3
28.Kg2 Rh6 29.Re7 a5 30.d7 Rg6 31.Rae1 Rdg8 32.R1e6+ 1-0

[Event "Gipuzkoa ch"]
[Site "Donostia"]
[Date "2013.10.05"]
[Round "1"]
[White "Goni Garmendia, Aitor"]
[Black "Alvarado Fernandez, Mikel"]
[Result "1-0"]
[WhiteElo "1769"]
[BlackElo "1961"]

1.e4 c6 2.d4 d5 3.Nc3 dxe4 4.Nxe4 Bf5 5.Ng3 Bg6 6.h4 h6 7.Nf3 Nd7 8.h5 Bh7
9.Bd3 Bxd3 10.Qxd3 e6 11.Bd2 Ngf6 12.O-O-O Be7 13.Qe2 O-O 14.c4 b5 15.Ne5 
Rc8 16.Ng6 Re8 17.Nxe7+ Qxe7 18.c5 Qf8 19.f4 Ra8 20.Qf3 Nd5 21.Ne4 a5 22.
g4 f6 23.Nd6 Re7 24.Qd3 a4 25.Rdf1 Qb8 26.g5 f5 27.gxh6 gxh6 28.Rhg1+ Kh8 
29.Rg6 Qf8 30.Qe2 N7f6 31.Rfg1 Kh7 32.Re1 Raa7 33.Qg2 a3 34.b3 Ra8 35.Kc2 
Raa7 36.Nc8 Qxc8 37.Rxh6+ 1-0

[Event "Gipuzkoa ch"]
[Site "Donostia"]
[Date "2013.10.05"]
[Round "1"]
[White "Salterain Gonzalez, Galder"]
[Black "Iglesias Gonzalez, Veronica"]
[Result "1-0"]
[WhiteElo "1939"]
[BlackElo "1760"]

1.e4 e5 2.Nf3 Nc6 3.d4 exd4 4.Bc4 d6 5.Nxd4 g6 6.Be3 Bg7 7.Nc3 Nge7 8.f4 
Na5 9.Bd3 d5 10.Nxd5 Nxd5 11.exd5 Qxd5 12.Qe2 O-O 13.c3 c5 14.Nf3 Re8 15.
O-O c4 16.Bc2 b5 17.Rad1 Qe6 18.Rfe1 Bb7 19.Qf2 Qf6 20.f5 Nc6 21.Bg5 Rxe1+
22.Qxe1 Nd4 23.Bxf6 Nxc2 24.Qe5 1-0

[Event "Gipuzkoa ch"]
[Site "Donostia"]
[Date "2013.10.05"]
[Round "1"]
[White "Mendia Rezola, Jokin"]
[Black "Nogues Fernandez, Ramon"]
[Result "0-1"]
[WhiteElo "1713"]
[BlackElo "1934"]

1.e4 c5 2.Nf3 Nc6 3.c4 e5 4.Nc3 d6 5.d3 Be7 6.Be2 f5 7.h3 Nf6 8.O-O O-O 9.
Qc2 Nd4 10.Nxd4 exd4 11.Nd5 fxe4 12.dxe4 Nxd5 13.cxd5 Bd7 14.f4 Qc7 15.b4 
b6 16.bxc5 bxc5 17.Bb2 Bf6 18.Bc4 Kh8 19.Rae1 Rab8 20.Qf2 Rfe8 21.Bc1 Qd8 
22.Qf3 g6 23.Re2 Rb4 24.Qd3 Qb8 25.Rfe1 Rxc4 26.Qxc4 Bb5 27.Qb3 c4 28.Qb4 
c3 29.e5 Bxe2 30.Qxb8 Rxb8 31.exf6 d3 32.f7 Kg7 33.Kf2 d2 0-1

[Event "Gipuzkoa ch"]
[Site "Donostia"]
[Date "2013.10.05"]
[Round "1"]
[White "Izagirre Alsua, Aritz"]
[Black "Elduayen Echave, Ramon"]
[Result "1-0"]
[WhiteElo "1925"]
[BlackElo "1704"]

1.e4 c6 2.d3 d5 3.Nd2 e5 4.Ngf3 Bd6 5.g3 Nf6 6.Bg2 O-O 7.O-O Re8 8.Re1 
Nbd7 9.a3 a5 10.c4 d4 11.b3 Nc5 12.Qc2 Nh5 13.Rb1 b6 14.Nh4 Be7 15.Nf5 Bg5
16.h4 Bf6 17.b4 Na6 18.bxa5 bxa5 19.c5 Be7 20.Nc4 Bxc5 21.Bd2 g6 22.Bxa5 
Qf6 23.Nh6+ Kg7 24.Bd2 Qe7 25.Bg5 f6 26.Bc1 Bd7 27.Qd2 Reb8 28.Rxb8 Rxb8 
29.Nf5+ gxf5 30.Qh6+ Kh8 31.Qxh5 Qe6 32.Bh3 Qe7 33.Bxf5 Rb3 34.Qd1 Rb7 35.
Bxd7 Qxd7 36.Qc2 Nc7 37.Nxe5 fxe5 38.Qxc5 Qe6 39.Qf8+ Qg8 40.Qf6+ Qg7 41.
Qxc6 Rb3 42.Qc4 Rc3 43.Qb4 Rxd3 44.Qb8+ Qg8 45.Qxg8+ Kxg8 46.Bg5 Rxa3 47.
Bf6 Ra5 48.f4 exf4 49.gxf4 Ra4 50.f5 Nb5 51.e5 Kf7 52.Bg5 Nc3 53.e6+ Ke8 
54.f6 Ra8 55.f7+ Kf8 56.Bf6 Nb5 57.Kh2 d3 58.Rg1 1-0

[Event "Gipuzkoa ch"]
[Site "Donostia"]
[Date "2013.10.05"]
[Round "1"]
[White "Lazkano Gaite, Tomas"]
[Black "Cejudo Urdampilleta, Jose Manu"]
[Result "0-1"]
[WhiteElo "1704"]
[BlackElo "1922"]

1.d4 Nf6 2.c4 e6 3.Nc3 d5 4.Nf3 Be7 5.e3 O-O 6.Bd3 c5 7.O-O Nbd7 8.a3 a6 
9.Qb3 dxc4 10.Bxc4 b5 11.Be2 Bb7 12.a4 c4 13.Qd1 b4 14.Nb1 Rc8 15.Ne5 Nxe5
16.dxe5 Nd7 17.Qd4 Qc7 18.f4 Rfd8 19.b3 Nb6 20.Qb2 c3 21.Qc2 a5 22.Bf3 
Bxf3 23.gxf3 Rd7 24.Kh1 Rcd8 25.e4 Rd3 26.Qg2 Rd1 27.Be3 Bc5 28.Nxc3 Rxa1 
29.Nb5 Rxf1+ 30.Qxf1 0-1

[Event "Gipuzkoa ch"]
[Site "Donostia"]
[Date "2013.10.05"]
[Round "1"]
[White "Parron Luceno, David"]
[Black "Arana Garate, Jon"]
[Result "0-1"]
[WhiteElo "1582"]
[BlackElo "1906"]

1.Nf3 Nf6 2.b4 g6 3.Bb2 Bg7 4.d3 O-O 5.e4 d6 6.Nbd2 a5 7.b5 c6 8.a4 cxb5 
9.axb5 Qb6 10.d4 Nbd7 11.Bd3 e5 12.dxe5 Nxe5 13.Nxe5 dxe5 14.Bxe5 Ng4 15.
Bg3 Bxa1 16.Qxa1 Qf6 17.e5 Qe7 18.O-O f5 19.f3 Ne3 20.Re1 Nd5 21.Qd4 Be6 
22.c4 Nb4 23.Bb1 Rfd8 24.Qc3 Rac8 25.Bf4 Nd5 26.Qd4 Qh4 27.g3 Nxf4 28.
Qxd8+ Qxd8 0-1

[Event "Gipuzkoa ch"]
[Site "Donostia"]
[Date "2013.10.12"]
[Round "2"]
[White "Nogues Fernandez, Ramon"]
[Black "Argandona Riveiro, Inigo"]
[Result "0-1"]
[WhiteElo "1934"]
[BlackElo "2408"]

1.d4 Nf6 2.Nf3 g6 3.c4 Bg7 4.Nc3 O-O 5.e4 d6 6.Be2 Nbd7 7.O-O e5 8.dxe5 
dxe5 9.h3 c6 10.Be3 Qe7 11.Qc2 Nc5 12.Rfe1 Nh5 13.Rad1 Ne6 14.Bf1 Qf6 15.
Rd6 Nd4 16.Rxd4 exd4 17.Bxd4 Qe7 18.Be3 Nf6 19.Bf4 Nd7 20.e5 Nc5 21.Bg3 
Bf5 22.Qd2 Rfd8 23.Qf4 Nd3 24.Bxd3 Rxd3 25.Ne4 Bxe4 26.Rxe4 Re8 27.Bh4 Qe6
28.Bg5 Qf5 29.Qxf5 gxf5 30.Re1 Re6 31.Kf1 Rd7 32.b3 c5 33.g3 h6 34.Bf4 f6 
35.exf6 Rxe1+ 36.Kxe1 Bxf6 37.Bxh6 Rh7 38.Be3 Rxh3 39.Bxc5 Rh1+ 40.Ke2 Ra1
41.a4 b6 42.Be3 Ra3 43.Nd2 Bc3 44.c5 bxc5 45.Bxc5 Ra2 46.Be3 Rb2 47.Kd3 
Bxd2 48.Bxd2 Rxb3+ 49.Kc4 Rb2 50.Be3 a5 51.Bc5 Kf7 52.Kc3 Rb1 53.Kc2 Rb7 
54.Kc3 Ke6 55.Kc4 Rb2 56.Bf8 Rb1 57.Bc5 Ke5 58.Be7 Ke4 59.Bf8 Kf3 60.Bc5 
Rc1+ 61.Kb5 Rxc5+ 62.Kxc5 Kxf2 63.Kb5 Kxg3 64.Kxa5 f4 65.Kb6 f3 66.a5 f2 
67.a6 f1=Q 68.Kb7 Qb5+ 0-1

[Event "Gipuzkoa ch"]
[Site "Donostia"]
[Date "2013.10.12"]
[Round "2"]
[White "Ros Eskisabel, Jose Ramon"]
[Black "Izagirre Alsua, Aritz"]
[Result "1-0"]
[WhiteElo "2124"]
[BlackElo "1925"]

1.d4 d5 2.c4 c6 3.Nc3 Nf6 4.e3 a6 5.Qc2 dxc4 6.Bxc4 e6 7.Nf3 b5 8.Bd3 Bb7 
9.O-O Nbd7 10.e4 c5 11.d5 c4 12.Be2 exd5 13.e5 Ne4 14.e6 Ndf6 15.exf7+ 
Kxf7 16.Be3 Qc7 17.Rad1 h6 18.Nd4 Bd6 19.g3 Rhf8 20.Rfe1 Rae8 21.Bf1 Kg8 
22.Bh3 Bc8 23.Bg2 Bg4 24.Rc1 Bc8 25.Nxd5 Nxd5 26.Bxe4 Nb4 27.Qb1 Rxe4 28.
Qxe4 Nd3 29.Qg6 Nxe1 30.Rxe1 Bb4 31.Rd1 Qd7 32.Qh5 Rd8 33.a3 Ba5 34.Qg6 
Kh8 35.Rc1 Qd6 36.Qf7 Rf8 37.Qh5 Bb6 38.Rd1 Rd8 39.Rd2 Qf6 40.Qd1 Bb7 41.
Qg4 Bc8 42.Qe4 Qf7 43.Qc6 Bxd4 44.Bxd4 Re8 45.Qxh6+ Kg8 46.Qf4 Qd5 47.Be3 
Qh5 48.Qg5 Qf7 49.Qf4 Qg6 50.Qg5 Qb1+ 51.Kg2 Qe4+ 52.Kf1 Bh3+ 53.Ke1 Bg4 
54.Qd5+ Qxd5 55.Rxd5 Bf3 56.Rd6 Ra8 57.Kd2 Kf7 58.Bd4 Bg4 59.h4 g6 60.Kc3 
Bf5 61.Kb4 Ke7 62.Bc5 Kf7 63.Ka5 c3 64.bxc3 Bd3 65.Rxd3 1-0

[Event "Gipuzkoa ch"]
[Site "Donostia"]
[Date "2013.10.12"]
[Round "2"]
[White "Cejudo Urdampilleta, Jose Manu"]
[Black "Lakunza Oyarbide, Juan Carlos"]
[Result "1/2-1/2"]
[WhiteElo "1922"]
[BlackElo "2120"]

1.d4 Nf6 2.c4 g6 3.Nc3 Bg7 4.e4 d6 5.Nf3 O-O 6.Be2 e5 7.O-O Nc6 8.d5 Ne7 
9.b4 Nh5 10.Re1 f5 11.Ng5 Nf6 12.Bf3 c6 13.Qb3 fxe4 14.Ncxe4 h6 15.Ne6 
Bxe6 16.dxe6 Nxe4 17.Bxe4 Qc8 18.Ba3 Qxe6 19.Rad1 Rad8 20.b5 Rd7 21.Rxd6 
Rxd6 22.Bxd6 Re8 23.Bxe7 Rxe7 24.bxc6 bxc6 25.h4 Bf8 26.Qa4 Rc7 27.Qa5 Rf7
28.Qa6 Bc5 29.Bd5 Bxf2+ 30.Kh2 Qg4 31.Bxf7+ Kg7 32.Be6 Qxh4+ 33.Bh3 Qf4+ 
34.Kh1 Bxe1 35.Qxa7+ Qf7 36.Qxf7+ Kxf7 37.Kg1 Kf6 38.Kf1 Bc3 39.Bd7 c5 40.
a4 Kg5 41.Ke2 Kf4 42.Kf2 Ke4 43.Ke2 h5 44.Be8 Kf5 45.Kd3 Ba5 46.Bd7+ Kf4 
47.Be8 e4+ 48.Ke2 Kf5 49.Ke3 Bd8 50.Bd7+ Ke5 51.Be8 Kf5 52.Bd7+ Ke5 53.Be8
1/2-1/2

[Event "Gipuzkoa ch"]
[Site "Donostia"]
[Date "2013.10.12"]
[Round "2"]
[White "Sanchez Ruesga, Hector"]
[Black "Galarraga Lasa, Jon Gurutz"]
[Result "1-0"]
[WhiteElo "2074"]
[BlackElo "1914"]

1.d4 Nf6 2.c4 e6 3.g3 d5 4.Bg2 Bb4+ 5.Bd2 Qe7 6.Nf3 O-O 7.O-O Nc6 8.Bf4 
dxc4 9.Qc2 Bd6 10.Nbd2 Bd7 11.Qxc4 Na5 12.Qc3 Nc6 13.Nb3 Bxf4 14.gxf4 Nd5 
15.Qd2 Qd6 16.e3 Nf6 17.Nc5 Rab8 18.Ne5 Rfd8 19.Rac1 Be8 20.Nxb7 Rxb7 21.
Nxc6 Bxc6 22.Rxc6 Qe7 23.Rfc1 Nd5 24.b3 Rd6 25.Rxd6 Qxd6 26.Qa5 Kf8 27.Rc5
Ke7 28.Bxd5 exd5 29.Rxd5 Qg6+ 30.Rg5 Qb1+ 31.Kg2 Qe4+ 32.Kg3 Qb1 33.Qc5+ 
Kd7 34.Rd5+ 1-0

[Event "Gipuzkoa ch"]
[Site "Donostia"]
[Date "2013.10.12"]
[Round "2"]
[White "Arana Garate, Jon"]
[Black "Segovia Sanchez, Antonio"]
[Result "0-1"]
[WhiteElo "1906"]
[BlackElo "2059"]

1.d4 d5 2.Nf3 e6 3.c4 Nf6 4.Nc3 Bb4 5.Bg5 c6 6.Qc2 Nbd7 7.e3 Qa5 8.Bxf6 
Nxf6 9.Nd2 O-O 10.Bd3 dxc4 11.Bxc4 e5 12.Nb3 Qc7 13.O-O exd4 14.Nxd4 Ng4 
15.Nf3 Qa5 16.Ne2 Ne5 17.Ng5 g6 18.Bb3 Be7 19.Ne4 Ng4 20.h3 Nf6 21.Nd4 Qe5
22.Ng3 Bd7 23.Rad1 Rad8 24.a3 Qa5 25.Rfe1 Bc8 26.Ba2 a6 27.Ra1 Nd5 28.b4 
Qb6 29.Rab1 Bf6 30.Red1 Rfe8 31.Rbc1 Bg7 32.Qc5 Qxc5 33.Rxc5 Nxe3 34.fxe3 
Rxe3 35.Nf1 Rxa3 36.Rc2 Rxd4 37.Re1 Rd8 38.Re7 Bf6 39.Bxf7+ Kf8 40.Rc7 Be5
41.Rxc8 Rxc8 42.Be6 Re8 43.Bc4 Kg7 44.Rd2 Re7 45.Ne3 Rxe3 0-1

[Event "Gipuzkoa ch"]
[Site "Donostia"]
[Date "2013.10.12"]
[Round "2"]
[White "Garro Beraza, Julen"]
[Black "Rodriguez Cabrera, Fco. Javier"]
[Result "1-0"]
[WhiteElo "1986"]
[BlackElo "1902"]

1.e4 c5 2.Nf3 d6 3.d4 cxd4 4.Nxd4 Nf6 5.Nc3 a6 6.f3 Qb6 7.Nb3 e6 8.Bf4 Be7
9.Qd2 Nbd7 10.O-O-O Ne5 11.h4 Nfd7 12.Kb1 Qc7 13.h5 b5 14.Qf2 b4 15.Ne2 
Bb7 16.g4 Rc8 17.Rc1 d5 18.exd5 Bxd5 19.Ned4 Bc4 20.g5 Bxf1 21.Rhxf1 Bd6 
22.Rfe1 g6 23.h6 O-O 24.Nd2 Nc4 25.Bxd6 Qxd6 26.Ne4 Qf4 27.Red1 Rfd8 28.
Ne2 Qe3 29.Qxe3 Nxe3 30.Rxd7 1-0

[Event "Gipuzkoa ch"]
[Site "Donostia"]
[Date "2013.10.12"]
[Round "2"]
[White "Fernandez Del Pozo, Anibal"]
[Black "Fernandez Zubitur, Jokin"]
[Result "1/2-1/2"]
[WhiteElo "1853"]
[BlackElo "1983"]

1.d4 Nf6 2.c4 e5 3.dxe5 Ng4 4.Nf3 Bc5 5.e3 Nc6 6.Be2 Ngxe5 7.Nxe5 Nxe5 8.
O-O d6 9.Nc3 O-O 10.b3 Bf5 11.Bb2 c6 12.Na4 Bb6 13.Nxb6 axb6 14.f4 Nd7 15.
Qxd6 Re8 16.g4 Nc5 17.Qd4 Qxd4 18.Bxd4 Be4 19.Bxc5 1/2-1/2

[Event "Gipuzkoa ch"]
[Site "Donostia"]
[Date "2013.10.12"]
[Round "2"]
[White "Aparicio Mola, Luis"]
[Black "Salterain Gonzalez, Galder"]
[Result "0-1"]
[WhiteElo "1537"]
[BlackElo "1939"]

1.d4 d6 2.Nf3 Nf6 3.Bg5 g6 4.Bxf6 exf6 5.e3 Bg7 6.Nbd2 O-O 7.Bd3 f5 8.O-O 
Nd7 9.c3 Nf6 10.Re1 Re8 11.Bc4 Ne4 12.Qb3 Qf6 13.Nxe4 fxe4 14.Ng5 Qxg5 15.
Bxf7+ Kf8 16.Bxe8 Kxe8 17.Qg8+ Bf8 18.Qxh7 c6 19.h4 Qf6 20.h5 gxh5 21.
Qxe4+ Kd8 22.g3 Bg4 23.Kg2 Bh6 24.b3 d5 25.Qe5 Qf3+ 26.Kh2 Qxf2+ 27.Kh1 
Bf3# 0-1

[Event "Gipuzkoa ch"]
[Site "Donostia"]
[Date "2013.10.12"]
[Round "2"]
[White "Guijarro Galan, Jose Luis"]
[Black "Goni Garmendia, Aitor"]
[Result "1-0"]
[WhiteElo "2178"]
[BlackElo "1769"]

1.e4 c5 2.Nf3 d6 3.d4 cxd4 4.Nxd4 Nf6 5.Nc3 a6 6.Bc4 e6 7.O-O Be7 8.Bb3 
O-O 9.Kh1 b5 10.a3 Bb7 11.Qe2 Nc6 12.Nxc6 Bxc6 13.Bf4 Qb6 14.Rad1 Rfd8 15.
Nd5 Qb7 16.Nxe7+ Qxe7 17.f3 Nh5 18.Be3 Qh4 19.Qf2 Qf6 20.Bd4 Qe7 21.Rfe1 
Rac8 22.c3 Qg5 23.Be3 Qe7 24.Rd2 h6 25.g4 Nf6 26.g5 Nxe4 27.fxe4 Bxe4+ 28.
Kg1 d5 29.gxh6 g5 30.Qg3 f6 31.Rf2 Kh7 32.Bc2 Rc4 33.Bxe4+ Rxe4 34.Ref1 f5
35.Qxg5 Rg4+ 36.Qxg4 fxg4 37.Rf7+ Qxf7 38.Rxf7+ Kg6 39.Rg7+ Kf5 40.Rg5+ 
Ke4 41.Bd4 Kf4 42.Bf6 1-0

[Event "Gipuzkoa ch"]
[Site "Donostia"]
[Date "2013.10.12"]
[Round "2"]
[White "Perez Cela, David"]
[Black "Fuente San Sebastian, Ernesto"]
[Result "1-0"]
[WhiteElo "2036"]
[BlackElo "1866"]

1.d4 Nf6 2.c4 e5 3.dxe5 Ng4 4.e3 Nxe5 5.Nh3 Bb4+ 6.Bd2 Qe7 7.Nf4 c6 8.a3 
Bd6 9.Qc2 Na6 10.Be2 Nc7 11.O-O Ne6 12.Nc3 b6 13.Nxe6 dxe6 14.f4 Ng6 15.
Ne4 Bc7 16.Rad1 Bd7 17.c5 O-O 18.b4 Rfd8 19.Bc3 Be8 20.Bb2 Rxd1 21.Bxd1 
Rd8 22.Qc3 f6 23.Bb3 Kh8 24.Nxf6 gxf6 25.Qxf6+ Kg8 26.Bxe6+ Bf7 27.Qg7# 
1-0

[Event "Gipuzkoa ch"]
[Site "Donostia"]
[Date "2013.10.12"]
[Round "2"]
[White "Alvarado Fernandez, Mikel"]
[Black "Cantabrana Garona, Alejandro"]
[Result "0-1"]
[WhiteElo "1961"]
[BlackElo "1789"]

1.d4 Nf6 2.Nf3 e6 3.e3 d5 4.Bd3 b6 5.O-O Bb7 6.Nbd2 Nbd7 7.Ne5 c5 8.Ndf3 
Be7 9.Nxf7 Kxf7 10.Ng5+ Kg8 11.Nxe6 Qc8 12.Bf5 Qc6 13.Qf3 Nf8 14.Nf4 Bc8 
15.Bxc8 Rxc8 16.b3 c4 17.bxc4 Qxc4 18.a4 Bb4 19.Ba3 Bxa3 20.Rxa3 Ne4 21.
Qh5 Nf6 22.Qf3 Ng6 23.Ne6 Qc6 24.Qf5 Qd7 25.Qh3 Rc6 26.Ng5 Qxh3 27.Nxh3 h6
28.a5 b5 29.a6 Kf7 30.f3 Rxc2 31.e4 Rhc8 32.e5 Ne8 33.f4 Rd2 34.f5 Nh4 35.
g3 Rcc2 36.Nf4 Ng2 37.Nxd5 Rxd4 38.e6+ Kf8 39.Rc3 Rxd5 40.Rxc2 Ne3 41.e7+ 
Kf7 42.Rcf2 Nxf1 43.Kxf1 b4 44.g4 Kxe7 45.Re2+ Kf7 46.h4 b3 47.Rb2 Rb5 48.
Ke2 Nc7 49.Kd3 Nxa6 50.Kc3 Nc7 51.Rd2 b2 52.Rd7+ Kg8 53.g5 hxg5 54.hxg5 
Ne8 55.Re7 Kf8 0-1

[Event "Gipuzkoa ch"]
[Site "Donostia"]
[Date "2013.10.12"]
[Round "2"]
[White "Burgana Lardizabal, Jose Angel"]
[Black "Alcaide Luque, Aitor"]
[Result "0-1"]
[WhiteElo "1769"]
[BlackElo "2164"]

1.d4 e6 2.Nf3 d5 3.Bf4 Nf6 4.e3 c5 5.c3 Nc6 6.Nbd2 Bd6 7.Ne5 Qc7 8.Ndf3 
O-O 9.Bd3 Ne4 10.Nxc6 Bxf4 11.exf4 bxc6 12.Qc1 cxd4 13.cxd4 Qa5+ 14.Kf1 
Ba6 15.Qc2 Rab8 16.b3 c5 17.Kg1 Bxd3 18.Qxd3 c4 19.bxc4 Rb2 20.c5 Nxf2 21.
Qf1 Qc3 22.h4 Ng4 23.Rc1 Qe3+ 0-1

[Event "Gipuzkoa ch"]
[Site "Donostia"]
[Date "2013.10.12"]
[Round "2"]
[White "Izquierdo Arruferia, Joseba"]
[Black "Ezkerro Hernandez, Pablo"]
[Result "1-0"]
[WhiteElo "1878"]
[BlackElo "1772"]

1.e4 e6 2.d4 d5 3.exd5 exd5 4.Bd3 Bd6 5.Ne2 Bg4 6.O-O Qh4 7.f4 Nf6 8.Nd2 
O-O 9.Nf3 Bxf3 10.Rxf3 Ne4 11.Nc3 f5 12.Nxd5 Nc6 13.c3 Rad8 14.g3 Qh3 15.
Bf1 Qh5 16.Ne3 g5 17.fxg5 f4 18.Rxf4 Qg6 19.Rxf8+ Rxf8 20.Nc4 Qf5 21.Be3 
Nxg5 22.Bg2 Ne4 23.Nxd6 cxd6 24.Qe2 Qe6 25.Bf4 d5 26.Qh5 Nf6 27.Qg5+ Kh8 
28.Be5 Ne7 29.Rf1 Ng8 30.Bxf6+ Nxf6 31.Qe5 Qf7 32.Bxd5 1-0

[Event "Gipuzkoa ch"]
[Site "Donostia"]
[Date "2013.10.12"]
[Round "2"]
[White "Elduayen Echave, Ramon"]
[Black "Tung, Siu Hung"]
[Result "1-0"]
[WhiteElo "1704"]
[BlackElo "1850"]

1.e4 d6 2.d4 Nf6 3.Nc3 g6 4.Be3 Bg7 5.Qd2 Ng4 6.Bf4 h6 7.h3 Nf6 8.O-O-O 
Nbd7 9.g4 c5 10.dxc5 Nxc5 11.e5 Nfe4 12.Nxe4 Nxe4 13.Qe3 Qa5 14.Qxe4 dxe5 
15.Be3 Be6 16.Bc4 Bxc4 17.Qxc4 O-O 18.Ne2 b5 19.Qb3 b4 20.Rd2 Qb5 21.a4 
Qb7 22.Rhd1 Rfe8 23.Rd7 Qf3 24.Ng1 Qc6 25.Bxa7 Bf6 26.a5 Kg7 27.Bb6 Rec8 
28.Kb1 Qe4 29.Qd3 Qc6 30.Ne2 Rcb8 31.Rc7 Qa4 32.Qd7 Rxa5 33.Bxa5 Qxa5 34.
Rc8 b3 35.cxb3 Qb4 36.Rxb8 Qxb8 37.Rc1 Qxb3 38.Rc8 e4 39.Nc3 g5 40.Qd8 Kg6
41.Qg8+ Bg7 42.Rc6+ e6 43.Rc7 e5 44.Rc6+ 1-0

[Event "Gipuzkoa ch"]
[Site "Donostia"]
[Date "2013.10.12"]
[Round "2"]
[White "Zubia Aramburu, Mikel"]
[Black "Mendia Rezola, Jokin"]
[Result "0-1"]
[WhiteElo "1820"]
[BlackElo "1713"]

1.c4 Nf6 2.Nc3 c5 3.g3 d5 4.cxd5 Nxd5 5.Bg2 Nc7 6.Nf3 Nc6 7.O-O e5 8.d3 
Be7 9.Be3 Be6 10.Ne4 b6 11.Qa4 Qd7 12.Nc3 f6 13.Ng5 Bd5 14.Nxd5 Nxd5 15.
Qe4 Rd8 16.Nxh7 f5 17.Qxd5 Qxd5 18.Bxd5 Rxd5 19.Ng5 f4 20.Ne6 Kf7 21.Nc7 
Rd7 22.Nb5 fxe3 23.fxe3+ Ke6 24.a3 Bg5 25.Rf3 Rf7 26.Raf1 Rxf3 27.Rxf3 Rd8
28.h4 Bf6 29.Nc3 Na5 30.Kg2 c4 31.e4 cxd3 32.exd3 Nb3 33.Nd5 Rc8 34.Nc3 
Nd4 35.Rf2 Be7 36.Kh3 Bxa3 0-1